Pokémon - Les attaques de Zygarde - Statistiques

Statistiques générales
  • Ce quiz a été pris 27 fois
  • Le résultat moyen est 10 sur 18
Statistiques - réponses
Niveaux Types Noms des attaques % Correct
Niveau 80 Sol Séisme
94%
Niveau 40 Dragon Draco-Choc
88%
Départ Sol Myria-Flèches
81%
Départ Dragon Draco-Souffle
75%
Départ Sol Piétisol
75%
Niveau 48 Sol Force Chtonienne
69%
Départ Sol Myria-Vagues
69%
Niveau 72 Poison Enroulement
63%
Niveau 88 Dragon Colère
56%
Départ Dragon Sanction Suprême
50%
Niveau 16 Sol Tunnel
50%
Niveau 32 Ténèbres Mâchouille
44%
Départ Ténèbres Morsure
44%
Niveau 8 Glace Buée Noire
38%
Niveau 64 Roche Tempête de Sable
31%
Niveau 56 Normal Regard Médusant
25%
Départ Normal Étreinte
13%
Niveau 24 Normal Rune Protect
0%
Aucun quiz correspondant
Distribution des résultats
% des personnes avec chaque résultat
Percentile par nombre de réponses
Votre historique - résultats
Vous n’avez pas pris ce quiz